Rank | City |
2. | Los Angeles, CA | | 98.8% | 1. | New York City, NY | | 98.2% | 3. | Chicago, IL | | 97.5% | 4. | Houston, TX | | 96.5% | 9. | Dallas, TX | | 95.9% | 6. | Phoenix, AZ | | 94.9% | 5. | Philadelphia, PA | | 94.7% | 8. | San Diego, CA | | 94.7% | 13. | San Francisco, CA | | 94.5% | 23. | Seattle, WA | | 94.2% | 44. | Miami, FL | | 93.8% | 18. | Detroit, MI | | 93.3% | 30. | Las Vegas, NV | | 93.3% | 22. | Boston, MA | | 93.1% | 40. | Atlanta, GA | | 92.4% | 29. | Portland, OR | | 92.2% | 11. | Jacksonville, FL | | 91.9% | 12. | Indianapolis, IN | | 91.9% | 24. | Washington, DC | | 91.9% | 7. | San Antonio, TX | | 91.7% | 26. | Denver, CO | | 91.5% | 52. | New Orleans, LA | | 90.8% | 14. | Austin, TX | | 90.6% | 45. | Cleveland, OH | | 90.3% | 15. | Columbus, OH | | 90.1% | 21. | Baltimore, MD | | 90.1% | 25. | Nashville, TN | | 90.1% | 59. | Pittsburgh, PA | | 89.9% | 20. | Memphis, TN | | 89.4% | 55. | Tampa, FL | | 89.4% | 58. | St. Louis, MO | | 88.9% | 10. | San Jose, CA | | 88.7% | 31. | Oklahoma City, OK | | 88.7% | 62. | Cincinnati, OH | | 88% |
|
Rank | City |
17. | Charlotte, NC | | 87.6% | 48. | Minneapolis, MN | | 87.6% | 49. | Wichita, KS | | 87.6% | 35. | Sacramento, CA | | 87.3% | 37. | Kansas City, MO | | 87.1% | 28. | Milwaukee, WI | | 86.6% | 79. | Orlando, FL | | 86.4% | 27. | Louisville, KY | | 86.2% | 70. | Buffalo, NY | | 85.7% | 43. | Raleigh, NC | | 85.5% | 67. | St. Paul, MN | | 85.3% | 16. | Fort Worth, TX | | 85% | 19. | El Paso, TX | | 84.8% | 47. | Oakland, CA | | 84.1% | 42. | Omaha, NE | | 83.4% | 32. | Albuquerque, NM | | 82.7% | 33. | Tucson, AZ | | 81.1% | 53. | Honolulu, HI | | 81.1% | 85. | Baton Rouge, LA | | 80.9% | 41. | Colorado Springs, CO | | 80% | 46. | Tulsa, OK | | 79.5% | 72. | Lincoln, NE | | 79% | 64. | Anchorage, AK | | 77.4% | 82. | Madison, WI | | 77.4% | 34. | Fresno, CA | | 76.7% | 68. | Newark, NJ | | 76.7% | 97. | Birmingham, AL | | 76.3% | 39. | Virginia Beach, VA | | 74.9% | 75. | Jersey City, NJ | | 74.2% | 38. | Mesa, AZ | | 73.5% | 54. | Anaheim, CA | | 73.3% | 36. | Long Beach, CA | | 72.6% | 50. | Arlington, TX | | 72.6% | 63. | Lexington, KY | | 71.2% |
|
Rank | City |
98. | Rochester, NY | | 70.3% | 89. | Reno, Nevada | | 69.8% | 78. | Norfolk, VA | | 69.4% | 60. | Corpus Christi, TX | | 68.4% | 61. | Riverside, CA | | 67.3% | 51. | Bakersfield, CA | | 67.1% | 66. | Toledo, OH | | 66.1% | 76. | St. Petersburg, FL | | 64.7% | 56. | Aurora, CO | | 64.5% | 88. | Glendale, AZ | | 63.8% | 74. | Fort Wayne, IN | | 62.7% | 84. | Lubbock, TX | | 61.5% | 57. | Santa Ana, CA | | 60.1% | 86. | Durham, NC | | 59% | 69. | Greensboro, NC | | 58.5% | 92. | Scottsdale, AZ | | 58.3% | 65. | Stockton, CA | | 57.6% | 71. | Plano, TX | | 56.5% | 94. | Irving, TX | | 55.3% | 93. | North Las Vegas, NV | | 52.3% | 90. | Hialeah, FL | | 51.6% | 99. | San Bernardino, CA | | 50.5% | 87. | Garland, TX | | 50.2% | 81. | Laredo, TX | | 48.4% | 91. | Chesapeake, VA | | 48.2% | 96. | Irvine, CA | | 47.7% | 83. | Winston-Salem, NC | | 47.5% | 77. | Chula Vista, CA | | 44.9% | 80. | Chandler, AZ | | 43.3% | 95. | Fremont, CA | | 41.5% | 73. | Henderson, NV | | 38% | 100. | Spokane, WA | | 36.9% |
|
Comments